MAASAI MARA UNIVERSITY

LIBRARY CATALOGUE

Contact Us: +254 020 2685356/7 or 0774 057787

Box: 861-20500, NAROK, KENYA

Email: info@mmarau.ac.ke

The practical handbook of library architecture : (Record no. 31366)

MARC details
000 -LEADER
fixed length control field 02290nam a22003377a 4500
003 - CONTROL NUMBER IDENTIFIER
control field OSt
005 - DATE AND TIME OF LATEST TRANSACTION
control field 20190131133928.0
008 - FIXED-LENGTH DATA ELEMENTS--GENERAL INFORMATION
fixed length control field 190131b ||||| |||| 00| 0 eng d
020 ## - INTERNATIONAL STANDARD BOOK NUMBER
International Standard Book Number 9780838915530 (pbk. : alk. paper)
040 ## - CATALOGING SOURCE
Original cataloging agency MMU
Language of cataloging eng
Transcribing agency MMU
Description conventions MMU
042 ## - AUTHENTICATION CODE
Authentication code pcc
043 ## - GEOGRAPHIC AREA CODE
Geographic area code n-us---
050 00 - LIBRARY OF CONGRESS CALL NUMBER
Classification number Z679
Item number .S33 2017
082 00 - DEWEY DECIMAL CLASSIFICATION NUMBER
Classification number 727/.8
Edition number 23
100 1# - MAIN ENTRY--PERSONAL NAME
Personal name Schlipf, Frederick A.,
Relator term author.
245 14 - TITLE STATEMENT
Title The practical handbook of library architecture :
Remainder of title creating building spaces that work /
Statement of responsibility, etc. Frederick A. Schlipf, John Moorman.
264 #1 - PRODUCTION, PUBLICATION, DISTRIBUTION, MANUFACTURE, AND COPYRIGHT NOTICE
Place of production, publication, distribution, manufacture Chicago :
Name of producer, publisher, distributor, manufacturer ALA Editions, an imprint of the American Library Association,
Date of production, publication, distribution, manufacture, or copyright notice 2018.
300 ## - PHYSICAL DESCRIPTION
Extent xxxii, 1003 pages :
Other physical details illustrations ;
Dimensions 26 cm
336 ## - CONTENT TYPE
Content type term text
Content type code txt
Source rdacontent
337 ## - MEDIA TYPE
Media type term unmediated
Media type code n
Source rdamedia
338 ## - CARRIER TYPE
Carrier type term volume
Carrier type code nc
Source rdacarrier
504 ## - BIBLIOGRAPHY, ETC. NOTE
Bibliography, etc Includes index.
505 0# - FORMATTED CONTENTS NOTE
Formatted contents note Part I. Introduction -- Introduction -- Two hundred [plus?] snappy rules for good and evil in library architecture -- Part II. About library buildings -- The library construction process -- Basic configuration of library spaces -- Evaluating library buildings by walking around -- Dysfunctional designs -- Converting non-library spaces to public libraries -- Part III. Basic steps -- Programming -- Design -- Site selection -- Zoning, covenants, and codes -- Construction -- Remodeling and expanding library buildings -- Part IV.Money -- Building costs -- Funding -- Part V. Library spaces -- User seating -- Collection storage -- Public service desks -- Program and study rooms -- Display and exhibit areas -- Restrooms -- Staff workrooms -- Staff facilities -- Storerooms -- Part VI. Technical issues -- Lighting -- Elevators, staircases, railings, and ramps -- Electrical systems -- Mechanical systems -- Plumbing systems -- Security -- Walls, floors, and ceilings -- Appendix: vocabulary.
650 #0 - SUBJECT ADDED ENTRY--TOPICAL TERM
Topical term or geographic name as entry element Library architecture
Form subdivision Handbooks, manuals, etc.
650 #0 - SUBJECT ADDED ENTRY--TOPICAL TERM
Topical term or geographic name as entry element Library buildings
General subdivision Design and construction
Form subdivision Handbooks, manuals, etc.
650 #0 - SUBJECT ADDED ENTRY--TOPICAL TERM
Topical term or geographic name as entry element Library fittings and supplies
Form subdivision Handbooks, manuals, etc.
650 #0 - SUBJECT ADDED ENTRY--TOPICAL TERM
Topical term or geographic name as entry element Library architecture
Geographic subdivision United States
Form subdivision Handbooks, manuals, etc.
650 #0 - SUBJECT ADDED ENTRY--TOPICAL TERM
Topical term or geographic name as entry element Library buildings
Geographic subdivision United States
Form subdivision Handbooks, manuals, etc.
700 1# - ADDED ENTRY--PERSONAL NAME
Personal name Moorman, John A.,
Relator term author.
942 ## - ADDED ENTRY ELEMENTS (KOHA)
Source of classification or shelving scheme Library of Congress Classification
Koha item type L
Holdings
Withdrawn status Lost status Source of classification or shelving scheme Damaged status Not for loan Home library Current library Date acquired Source of acquisition Cost, normal purchase price Total Checkouts Full call number Barcode Date last seen Price effective from Koha item type
    Library of Congress Classification     Maasai Mara University Library -Main Campus Maasai Mara University Library -Main Campus 01/31/2019 Donation- Rattansi Educational Trust 36000.00   Z679 .S33 2017 17037240 01/31/2019 01/31/2019 L
© 2016 Maasai Mara University.